Country Names Spelt Without An A - Statistics

General Stats
  • This quiz has been taken 54 times
  • The average score is 26 of 30
Answer Stats
Country % Correct
Morocco
98%
Fiji
95%
Sweden
93%
Togo
93%
Yemen
93%
Chile
91%
Egypt
91%
Liechtenstein
91%
Peru
91%
Belgium
89%
Benin
89%
Luxembourg
89%
Comoros
86%
Cyprus
86%
Greece
86%
Kosovo
86%
Mexico
86%
Belize
84%
Djibouti
84%
United Kingdom
84%
Brunei
82%
Turkey
82%
Philippines
80%
Republic of the Congo
80%
Seychelles
80%
Burundi
77%
Lesotho
75%
Niger
75%
Montenegro
73%
Czech Republic
66%
No matching quizzes found
Score Distribution
Percent of People with Each Score
Percentile by Number Answered
Your Score History
You have not taken this quiz